| 000 | 03861cam a2200553 i 4500 | ||
|---|---|---|---|
| 001 | 123952 | ||
| 005 | 20230404125743.0 | ||
| 008 | 140826s2014 onca b 001 0 eng | ||
| 010 | _a2014412558 | ||
| 020 | _a9781442609099(cloth) | ||
| 020 | _a9781442609082(pbk) | ||
| 020 | _z9781442609105(pdf) | ||
| 020 | _z9781442609112(epub) | ||
| 040 |
_aDLC _beng _erda _cDLC _dDLC |
||
| 042 | _apcc | ||
| 043 |
_an-us--- _an-cn--- |
||
| 050 | 1 | 4 |
_a000 E 169.12 _bC212 2014 |
| 082 | 0 | 0 | _a303.48'273071 |
| 245 | 0 | 0 |
_aCanada and the United States : _bdifferences that count / _cedited by David M. Thomas and David N. Biette. |
| 250 | _a4th ed. | ||
| 264 | 1 |
_aNorth York, Ontario : _bUniversity of Toronto Press, _c2014. |
|
| 300 |
_axxxi, 439 p. : _bill. ; _c24 cm |
||
| 336 |
_atext _btxt _2rdacontent |
||
| 337 |
_aunmediated _bn _2rdamedia |
||
| 338 |
_avolume _bnc _2rdacarrier |
||
| 504 | _aIncludes bibliographical references and index | ||
| 505 | 0 | _aI.- Populations, impressions, values and Cultures: 1 Population tectonic: Life and death in North America/ Barbara Boyle Torrey- 2 Imagining each other/ Stephen Brooks-- 3 America pivots toward progressive Canada: Recent trajectories of social change in North America/ Michael Adams-- 4 Football, frats and fiscal peril vs. commuters, carping and rising costs: The new financial, social and psychological context of higher eduction in Canada and the United States/ Henry Srebrnik(with David M. Thomas)-- II.- Governance and governing mechanisms: 5 Past futures: federalism under stress/ David M. Thomas-6 Prime ministers and presidents: Instituttional differences nd political convergence/ Thomas M.J. Bateman-- 7 Turning out or tuning out? Electoral participation in Canada and the United States/ Michael D. Martinez-- 8 Legislatures and parties: Heightened divisions since the 1990s/ Melissa Haussman and Lori Turnbull-- 9 Two nations under law/ Hon Roger P. Kerans-- III.- Economic systems, taxation and safety nets: 10 Banks, banking regulatory mechnisms, nd the public interest: What's so different?/ Kathryn C. Lavelle and Tony Porter-- 11 Getting things straight: The complex world of budgetary policy/ Munir A. Sheikh-- 12 Health care in Canad and the United States/ Antonia Maioni-- 13 Choose your parents wisely: Economic inequality and mobility in Canada and the United States/ John Harles-- IV.- Policy differences, policy challenges and policy change: 14 So ner and yet so far: Washington and British Columbia in the New Century/ Jonathan W. Lampman and David M. Thomas-- 15 Environmental policy in Canada and the United States: Climate change and increasin distinctiveness/ Debora L. Vnnijnatten-- 16 First Nations: Turning promises into action?/ Kathy Brock-- 17 Reflections on foreign policies, defense budgets, borders, and the current state of the partnership/ David N. Biette and Alexandra Kuschner. | |
| 650 | 0 | _aNational characteristics, American. | |
| 650 | 0 | _aNational characteristics, Canadian. | |
| 650 | 0 |
_aPolitical culture _zUnited States. |
|
| 650 | 0 |
_aPolitical culture _zCanada. |
|
| 650 | 4 | _aCaracterísticas nacionales, americanas. | |
| 650 | 4 | _aCaracterísticas nacionales, canadiense | |
| 650 | 4 |
_aCultura política _zEstados Unidos. |
|
| 650 | 4 |
_aCultura política _zCanadá. |
|
| 651 | 0 |
_aUnited States _xPolitics and government _y1989- |
|
| 651 | 0 |
_aCanada _xPolitics and government _y1980- |
|
| 651 | 0 |
_aUnited States _xSocial policy _y1993- |
|
| 651 | 0 |
_aCanada _xSocial policy. |
|
| 651 | 4 |
_aEstados Unidos _xPolítica y gobierno _y1989- |
|
| 651 | 4 |
_aCanadá _xPolítica y gobierno _y1980- |
|
| 651 | 4 |
_aEstados Unidos _xPolítica social. |
|
| 651 | 4 |
_aCanadá _xPolítica social. |
|
| 700 | 1 |
_aThomas, David M. _q(David Martin), _d1943- _eedit. |
|
| 700 | 1 |
_aBiette, David. _eedit. |
|
| 942 |
_2lcc _cbk |
||
| 946 | _almd | ||
| 994 |
_aCO _bDRFGD |
||
| 999 |
_c3994 _d3994 |
||